How many times can you type MONTENEGRO in 15 seconds? - Statistics

General Stats
  • This quiz has been taken 399 times
  • The average score is 55 of 100
Answer Stats
Letter % Correct
M
100%
O
98%
E
97%
N
97%
T
97%
E
93%
N
93%
G
92%
M
92%
N
92%
O
92%
O
92%
R
92%
T
91%
E
90%
N
90%
E
89%
G
89%
M
89%
O
89%
R
89%
N
88%
O
88%
E
87%
N
87%
T
87%
E
86%
G
86%
M
85%
O
84%
R
84%
O
83%
N
82%
T
82%
E
81%
N
79%
E
76%
G
73%
R
73%
O
72%
M
70%
O
70%
N
69%
E
68%
T
68%
N
66%
E
65%
G
65%
R
64%
M
63%
O
63%
O
59%
N
57%
T
55%
E
53%
N
52%
E
51%
G
50%
O
50%
R
50%
M
45%
O
42%
N
40%
E
38%
T
38%
E
35%
N
35%
G
32%
R
32%
O
31%
M
29%
O
26%
N
25%
T
25%
E
23%
N
23%
E
22%
G
18%
R
18%
M
17%
O
17%
N
15%
O
15%
T
14%
E
11%
E
10%
N
10%
G
9%
O
9%
R
9%
M
8%
O
7%
O
7%
E
6%
E
6%
G
6%
N
6%
N
6%
R
6%
T
6%
No matching quizzes found
Score Distribution
Percent of People with Each Score
Percentile by Number Answered
Your Score History
You have not taken this quiz